000 00457nam a2200193Ia 4500
003 GCL
008 140319s9999 xx 000 0 eng d
040 _aGCL /
_cGCL
082 0 4 _a459.52
_bF A
100 1 _aFRAGMENTS
245 1 0 _aARTSENAL: LE CATALOGUE /
_cFRAGMENTS
260 _a[S.N] :
_bFRAGMENTS
300 _a137 P
650 0 4 _aARTS
650 0 4 _aPAINTING
650 0 4 _aPAINTERS - BIOGRAPHY
650 0 4 _aJAPAN - PAINTING
942 _2ddc
_cBK
999 _c16396
_d16396